000 00769nam a2200253Ia 4500
003 OSt
005 20221006143641.0
006 a|||||r|||| 00| 0
007 ta
008 221006b |||||||| |||| 00| 0 eng d
020 _c
_10.00
024 _a9,548
037 _cTextual
040 _aEASL
_cEASL
_beng
041 _2eng
_aeng
082 _aX:54.410j56rM9, C9
100 _aBERESFORD Charles
_9650168
245 0 _aBreak-up of China with an account of its present commerce, currency, waterways, armies, railways, politics and future prospects
260 _aLondon
_bHarper & Brothers Pub
_c1899
300 _a432p.
_ccm.
490 _v CEL
942 _hX:54.410j56rM9, C9
_cTEXL
_2CC
999 _c1077634
_d1077634